Paises visitados por los Simpson - Estadísticas

Estadísticas generales
  • Esta prueba ha sido intentada 180 veces
  • La puntuación promedio es 16 de 23
Estadísticas de respuestas
Capitulo Pais % Correcto
T10,E23 Japón
98%
T13,E11 Canada
97%
T25,E04 España
96%
T04,E01 Mexico
96%
T13,E15 Brasil
95%
T01,E11 Francia
95%
T07,E20 China
94%
T17,E08 Italia
91%
T10,E21 Reino Unido
90%
T06,E16 Australia
89%
T09,E20 Cuba
78%
T05,E13 India
73%
T20,E14 Irlanda
69%
T30,E17 Corea del Sur
60%
T20,E02 Perú
55%
T29,E20 Dinamarca
53%
T22,E01 Paises Bajos
52%
T21,E16 Israel
50%
T07,E22 Belgica
48%
T24,E21 Islandia
42%
T12,E17 Tanzania
34%
T31,E07 Costa Rica
32%
T11,E15 Estados Federados de Micronesia
6%
No se encontraron pruebas coincidentes
Distribución de puntuación
Porcentaje de gente con cada puntuación
Porcentaje por número respondido
Historial de tus puntuaciones
No has intentado esta prueba.